=LDR 00000nam 2200000 4500 =001 INLIS000000000027475 =005 20200305055202 =035 ##$$a 0010-061300000027475 =008 200305################g##########0#ind## =041 ##$$a Ind =082 ##$$a 153.8 =090 ##$$a 153.8, Alm m =100 1#$$a Al Muhasibi,Imam =245 1#$$a Menjinakkan nafsu : $b musuh dalam selimut /$c Imam al Muhasibi; & Imam Al-Ghazali Penerjemah,Saifuddin zuhri =260 ##$$a Jakarta :$b Nafas,$c 2007. =300 ##$$a 142 hlm, ; $c 18 X 12 cm. =650 #4$$a Nafsu =700 1#$$a Al-Gahazali, Imam =700 1#$$a Zuhri,saifuddin =850 ##$$a NBPNMAT =020 ##$$a 978-97916237-0-4 =084 ##$$a 153.8 ALM m =250 ##$$a cet.1 =990 ##$$a 20704649 =990 ##$$a 20704648 =990 ##$$a 1200700227 =990 ##$$a 1200700227 =990 ##$$a 20704649 =990 ##$$a 20704648 =990 ##$$a 1200700227 =990 ##$$a 20704649 =990 ##$$a 20704648